The Application of high resolution chemical imaging techniques for butyl rubber blends (Record no. 70465)

MARC details
000 -LEADER
fixed length control field 00372nam a2200121Ia 4500
100 ## - MAIN ENTRY--AUTHOR NAME
Personal name Winesett Donald A.
245 #4 - TITLE STATEMENT
Title The Application of high resolution chemical imaging techniques for butyl rubber blends
260 ## - PUBLICATION, DISTRIBUTION, ETC. (IMPRINT)
Name of publisher Rubber Chemistry and Technology
Year of publication 2008
300 ## - PHYSICAL DESCRIPTION
Number of Pages 265-275
700 ## - ADDED ENTRY--PERSONAL NAME
Personal name Tsou Andy H.
942 ## - ADDED ENTRY ELEMENTS (KOHA)
Koha item type Journals
Holdings
Withdrawn status Lost status Damaged status Not for loan Home library Current library Date acquired Serial Enumeration / chronology Koha item type
      Journals RRII Library RRII Library 01/01/2010 Volume 81, Issue 2 Journals